000 00371cam a2200145ua 4500
041 _aeng
_h
082 _a551.523
_bMAL/GL
100 _aMalhotra, Ravi.
245 _aGlobal warming Vol.1 /
_cRavi Malhotra.
_hTextual Documents
260 _aNew Delhi :
_bGlobal Vision Publishing House ,
_c2008.
300 _a ; .
504 _a
942 _cBK
999 _c13459
_d13459